Acteurs du film Astérix et Obélix : L'Empire du Milieu par images - Statistiques

Statistiques générales
  • Ce quiz a été pris 236 fois
  • Le résultat moyen est 14 sur 23
Statistiques - réponses
Par images Réponse % Correct
Angèle
95%
Guillaume Canet
94%
Vincent Cassel
94%
Jonathan Cohen
92%
Gilles Lellouche
91%
Marion Cotillard
89%
Orelsan
89%
Zlatan Ibrahimović
88%
Jérôme Commandeur
87%
Manu Payet
79%
Ramzy Bedia
78%
Laura Felpin
74%
José Garcia
72%
Issa Doumbia
65%
Pierre Richard
41%
Idéfix
31%
Vincent Desagnat
25%
Thomas VDB
22%
Franck Gastambide
16%
Chicandier
13%
Julie Chen
13%
Yann Papin
5%
André Kalmes
3%
Aucun quiz correspondant
Distribution des résultats
% des personnes avec chaque résultat
Percentile par nombre de réponses
Votre historique - résultats
Vous n’avez pas pris ce quiz